Josef Bartuška

Bibliographic Details
Main Author: Civiš, Svatopluk, 1919-1982 (Author)
Format: Book
Language:Czech
PhysicalDescription:114, [2] s. 8°
Published: Čes. Budějovice Pedagog. fak. 1969
Edition:1. vyd.
Series:Rozpravy Pedagog. fakulty v Čes. Budějovicích. Řada společ. věd č. 6

MARC

LEADER 00000nam a2200000 a 4500
001 vtls001124653
003 SK-MaSNL
005 20260302064354.0
008 240318s1969 CS 0 cze
035 |a SNK000067496 
040 |a SNK  |b slo  |c SNK  |e AACR2 
041 0 |a cze 
044 |a CS 
100 1 |a Civiš, Svatopluk,  |d 1919-1982  |4 aut  |9 48364 
245 1 0 |a Josef Bartuška  |c Svatopluk Civiš 
250 |a 1. vyd. 
260 |a Čes. Budějovice  |b Pedagog. fak.  |c 1969 
300 |a 114, [2] s.  |c 8° 
490 0 |a Rozpravy Pedagog. fakulty v Čes. Budějovicích. Řada společ. věd  |v č. 6 
958 |a RK 
958 |a OND 
999 |c 1137296  |d 1139226 
952 |t P60, <04>, [BOOK], {604}  |a SNK  |b SNK  |y VYP  |7 0  |o snkIC 45414 D1  |i snkKIP 9331/69  |0 0  |1 0  |4 0  |d 1996-01-05  |l 0  |r 2004-12-31 00:00:00  |w 2026-02-24 
952 |t P60, <04>, [BOOK], {604}  |a SNK  |b SNK  |y VYP  |7 0  |o snkIC 45414  |i snkKIP 9330/69  |0 0  |1 0  |4 0  |d 1996-01-05  |l 0  |r 2004-12-31 00:00:00  |w 2026-02-24